000 00754cam a2200229 i 4500
001 123051
005 20230404125641.0
008 160830s2007 mx r 000 0 spa d
020 _a9781921235351
020 _a1921235357
041 0 _aspa
050 1 4 _aCD F
100 1 _aGuevara, Ernesto,
_d1928-1967.
245 1 3 _aLa filosofía del saqueo debe cesar /
_cErnesto Che Guevara.
260 _aMéxico, D.F. :
_bOcean Sur ;
_aCuba :
_bEstudios Che Guevara,
_c2007
300 _a34 p. ;
_c21 cm.
440 0 _aColección lecturas para la reflexión. Ernesto Che Guevara.
600 1 0 _aGuevara, Che,
_d1928-1967
_xPolitical and social views.
600 1 4 _aGuevara, Che,
_d1928-1967
_xPensamiento político y social.
942 _2lcc
_ccd
946 _aJaaM
999 _c1876
_d1876